Estado y políticas sociales en el neoliberalismo

Guardado en:
Detalles Bibliográficos
Autor principal: Laurell, Asa Cristina (coord)
Formato: Libro
Lenguaje:Español
Publicado: México, D.F.: Fundación Friedrich Ebert, 1994
Materias:
Aporte de:Registro referencial: Solicitar el recurso aquí
LEADER 00589nam a2200193 a 4500
003 arpounmh
005 20230503081133.0
008 181025b xxu||||| |||| 00| 0 spa d
040 |a FHyCS 
080 |a 304.9 E792 
100 |a Laurell, Asa Cristina  |4 coord 
245 |a Estado y políticas sociales en el neoliberalismo 
260 |a México, D.F.:  |b Fundación Friedrich Ebert,  |c 1994 
300 |a 230 p.:  |c anillado 
650 |2 Tesauro de la Unesco en línea  |a POLITICA SOCIAL 
650 |2 Tesauro de la Unesco en línea  |a LIBERALISMO 
900 |a mirta 
942 |c APU  |2 CDU 
999 |c 19721  |d 19721